वक्ष पर ईश्वर का आद्यक्षर (Record no. 1018052)

MARC details
000 -LEADER
fixed length control field 01180nam a2200277Ia 4500
003 - CONTROL NUMBER IDENTIFIER
control field OSt
005 - DATE AND TIME OF LATEST TRANSACTION
control field 20221005110200.0
008 - FIXED-LENGTH DATA ELEMENTS--GENERAL INFORMATION
fixed length control field 221004b |||||||| |||| 00| 0 mal d
020 ## - INTERNATIONAL STANDARD BOOK NUMBER
International Standard Book Number 8126014148 (pbk)
037 ## - SOURCE OF ACQUISITION
Terms of availability Textual
040 ## - CATALOGING SOURCE
Original cataloging agency CRL
Transcribing agency CRL
Language of cataloging mal
041 ## - LANGUAGE CODE
Source of code mal
Language code of text/sound track or separate title mal
100 ## - MAIN ENTRY--PERSONAL NAME
Personal name श्रीधरन, पेरूम्पटवम्
245 #0 - TITLE STATEMENT
Title वक्ष पर ईश्वर का आद्यक्षर
246 ## - VARYING FORM OF TITLE
Title proper/short title Vakṣha par īshvar kā ādyakṣhara
260 ## - PUBLICATION, DISTRIBUTION, ETC.
Place of publication, distribution, etc. नई दिल्ली
Name of publisher, distributor, etc. साहित्य अकादेमी भारत
Date of publication, distribution, etc. 2002
300 ## - PHYSICAL DESCRIPTION
Extent 132पृ0
Dimensions cm.
650 ## - SUBJECT ADDED ENTRY--TOPICAL TERM
Topical term or geographic name entry element मलयालम साहित्य
700 ## - ADDED ENTRY--PERSONAL NAME
Personal name नंपियार, वी. डी. कृष्णन, अनु.
9 (RLIN) 624078
942 ## - ADDED ENTRY ELEMENTS (KOHA)
Classification part O32,3N38,VI, 152P2
Koha item type Textual
Source of classification or shelving scheme
Holdings
Withdrawn status Lost status Damaged status Not for loan Home library Current library Date acquired Source of acquisition Cost, normal purchase price Total Checkouts Full call number Barcode Date last seen Cost, replacement price Price effective from Koha item type Public note
        Central Library Central Library 2022-10-05 526, 19/03/2009, Vani Prakashan 300.00   O32,3N38,VI 152P2 CL1386722 2022-10-05 300.00 2022-10-05 Textual Translated from Malayalam to Hindi.
Copyright @ Delhi University Library System